000 00790nam a2200241Ia 4500
003 OSt
005 20220923222430.0
006 a|||||r|||| 00| 0
007 ta
008 220922b |||||||| |||| 00| 0 hin d
024 _a204,924
037 _cTextual
040 _aARTS
_cARTS
_bhin
041 _2hin
_ahin
082 _aO11195:gN, 152K6
100 _aराम निवास
245 0 _aपाश्चात्य साहित्य-समीक्षक
246 _aPāshchātya sāhitya-samīkṣhaka
260 _aरोहतक
_b बनसल बंधु प्रका0
_c1966
650 _aहिन्दी साहित्य
_9156264
942 _hO11195:gN, 152K6
_cTEXL
_2CC
999 _c355672
_d355672